Largest Cities With A Kurdish Majority - Statistics

General Stats
  • This quiz has been taken 193 times
  • The average score is 7 of 21
Answer Stats
Pop. Country Answer % Correct
879 k Iraq Erbil
89%
1.09 mil Türkiye Diyarbakır
74%
525 k Türkiye Van
72%
461 k Türkiye Batman
56%
676 k Iraq Sulaymaniyah
49%
341 k Iraq Duhok
38%
947 k Iran Kermanshah
35%
184 k Syria Qamishli
35%
168 k Iran Mahabad
31%
212 k Iraq Zakho
28%
413 k Iran Sanandaj
26%
387 k Türkiye Elâzığ
22%
161 k Türkiye Siirt
19%
273 k Türkiye Adıyaman
18%
220 k Syria Raqqa
18%
194 k Iran Ilam
17%
194 k Iran Bukan
12%
197 k Türkiye Kızıltepe
8%
160 k Türkiye Siverek
7%
165 k Iran Saqqez
5%
212 k Syria Deir ez-Zor
3%
No matching quizzes found
Score Distribution
Percent of People with Each Score
Percentile by Number Answered
Your Score History
You have not taken this quiz